Language Quiz

Random Language or German Quiz

German Vocab, Reflexive Verbs #1 Quiz Stats

 Plays Quiz not verified by Sporcle

Support Sporcle.
Go Orange.
Score 0/18 Timer 10:00
0 Plays Today
Hint Answer % Correct
to sitsetzen
93.1%
to washwaschen
86.2%
to get dressedanziehen
75.9%
to introducevorstellen
75.9%
to get undressedausziehen
72.4%
to shaverasieren
72.4%
to cutschneiden
65.5%
to look forward to etw.freuen auf
62.1%
to lay downhinlegen
58.6%
Hint Answer % Correct
to catch a colderkalten
58.6%
to be mistakenirren
55.2%
to decideentschliessen
48.3%
to become accustomed togewohnen an
48.3%
to be interested in etw.interessieren fur
44.8%
to remembererinnern an
41.4%
to get readyfertig machen
41.4%
to enjoy oneselfamusieren
37.9%
to be embarrassedgenieren
27.6%

You're not logged in!

Compare scores with friends on all Sporcle quizzes.
OR
Log In

From the Vault

Fill in the Sporcle (Movie Quotes)

by uterfan

Sporcle, for lack of a better word, is good.
Remove Ads.
Support Sporcle.
Get the best of Sporcle when you Go Orange. This ad-free experience offers more features, more stats, and more fun while also helping to support Sporcle. Thank you for becoming a member.

Show Comments

Extras

Created Oct 8, 2013ReportNominate
Tags:German Quiz, Reflexive, Verb

Top Quizzes Today


Score Distribution

Your Account Isn't Verified!

In order to create a playlist on Sporcle, you need to verify the email address you used during registration. Go to your Sporcle Settings to finish the process.

Report this User

Report this user for behavior that violates our Community Guidelines.

Details: